Sports Quiz

Random Sports or Baseball Quiz

Most home runs with AL Central team Quiz Stats

 Plays Quiz not verified by Sporcle

Also try: NFL Leaders (2015)
Challenge
Share
Tweet
Embed
Score 0/20 Timer 06:00
0 Plays Today
Home runs Player % Correct
334Jim Thome
95.7%
448Frank Thomas
92.8%
559Harmon Killebrew
89.2%
317George Brett
84.2%
358Paul Konerko
82.7%
399Al Kaline
80.6%
242Albert Belle
72.7%
236Manny Ramirez
66.2%
293Kent Hrbek
64%
306Hank Greenberg
61.2%
Home runs Player % Correct
245Cecil Fielder
60.4%
373Norm Cash
46%
242Lou Whitaker
44.6%
220Tony Oliva
41%
262Willie Horton
35.3%
221Harold Baines
32.4%
215Larry Doby
27.3%
256Bob Allison
26.6%
226Earl Averill
22.3%
216Hal Trosky
15.1%

You're not logged in!

Compare scores with friends on all Sporcle quizzes.
Join for Free
OR
Log In

You Might Also Like...

Show Comments

Extras

Top Quizzes Today


Score Distribution

Your Account Isn't Verified!

In order to create a playlist on Sporcle, you need to verify the email address you used during registration. Go to your Sporcle Settings to finish the process.

Report this User

Report this user for behavior that violates our Community Guidelines.

Details: